000 00646cam a2200205ua 4500
001 6730
005 20260515114109.0
008 140305n ii |||gr||||Z||||||eng
020 _a0-07-060498-3
040 _cMAIN
082 _a519.5
245 _aTheory and problems of elements of statistics :
_bDescriptive statistics and probability /
_cBy Stephen bernstein .
260 _aNew delhi:
_bTata McGraw-hill publishing company ltd.,
_c1999.
300 _avii,349p.
653 _aProbabilities & applied mathematics
653 _aStatistics :
700 _aBernstein,Stephen,
_eAuthor.,
700 _aBernstein,Ruth,
_eAuthor.
942 _cBK
999 _c5873
_d5873